000 01145nam0a22002891 4500
001 RU\INFOCOMM_429\NLR\5000008124
005 20250614081128.0
035 _a(NLR Aleph) 010629377
090 _a10630404
_c10630404
100 _a20130329d1971 |||y0rusy50 ca
101 0 _aeng
102 _aRU
105 _ay z||||
200 1 _aClassification and toxicological evaluation of chemical substances and preparatory work for establishing MPCs
_fI. V. Sanotsky
_gUSSR Min. of public halth. Central inst. for advanced med. training. ILO Interregional travelling seminar on air pollution in the working environment
210 _aM.
_d1971
215 _a[2], 10 с.
_d20 см
620 _aМосква
686 _aМд2-25
_2rubbk
686 _aˆ[‰Р120.12]
_2rubbk
700 1 _9z01790
_aSanockij
_bI. V.
_gIgor Vladimirovič
712 0 2 _aInternational labour organization
_bInterregional travelling seminar on air pollution in the working environment
_f1971
_4570
790 1 _9z01700
_aSanotsky
_bI. V.
_4070
801 1 _aRU
_bInfocomm
_c20130329
801 0 _aRU
_bINFOCOMM
_gPSBO
852 _aNLR
_jМд97 Д-4/644
942 _cBOOK
980 _aNB